<?xml version="1.0" encoding="UTF-8"?>
<record
    xmlns:xsi="http://www.w3.org/2001/XMLSchema-instance"
    xsi:schemaLocation="http://www.loc.gov/MARC21/slim http://www.loc.gov/standards/marcxml/schema/MARC21slim.xsd"
    xmlns="http://www.loc.gov/MARC21/slim">

  <leader>00652nam a22002297a 4500</leader>
  <controlfield tag="005">20220816155618.0</controlfield>
  <controlfield tag="008">211230b           ||||| |||| 00| 0 eng d</controlfield>
  <datafield tag="020" ind1=" " ind2=" ">
    <subfield code="a">9789390639724</subfield>
  </datafield>
  <datafield tag="040" ind1=" " ind2=" ">
    <subfield code="c">AL</subfield>
  </datafield>
  <datafield tag="041" ind1=" " ind2=" ">
    <subfield code="a">Eng</subfield>
  </datafield>
  <datafield tag="082" ind1=" " ind2=" ">
    <subfield code="2">23</subfield>
    <subfield code="a">658</subfield>
    <subfield code="b">RAMM</subfield>
  </datafield>
  <datafield tag="100" ind1=" " ind2=" ">
    <subfield code="a">Raman B S and others</subfield>
    <subfield code="9">54845</subfield>
  </datafield>
  <datafield tag="245" ind1=" " ind2=" ">
    <subfield code="a">Management Principles and Applications</subfield>
  </datafield>
  <datafield tag="260" ind1=" " ind2=" ">
    <subfield code="a">Mysore</subfield>
    <subfield code="b">Chethana Book House</subfield>
    <subfield code="c">2022</subfield>
  </datafield>
  <datafield tag="300" ind1=" " ind2=" ">
    <subfield code="a">III,116 p.</subfield>
    <subfield code="b">PB</subfield>
    <subfield code="c">24x18 cm.</subfield>
  </datafield>
  <datafield tag="365" ind1=" " ind2=" ">
    <subfield code="a">4734</subfield>
    <subfield code="b">&#x20B9;96.00</subfield>
    <subfield code="c">&#x20B9;</subfield>
    <subfield code="d">&#x20B9;120.00</subfield>
    <subfield code="e">20%</subfield>
    <subfield code="f">28-12-2021</subfield>
  </datafield>
  <datafield tag="650" ind1=" " ind2=" ">
    <subfield code="a">NEP I SEM BCOM</subfield>
    <subfield code="9">12104</subfield>
  </datafield>
  <datafield tag="700" ind1=" " ind2=" ">
    <subfield code="a">RAMAN (B S)</subfield>
    <subfield code="9">12105</subfield>
  </datafield>
  <datafield tag="700" ind1=" " ind2=" ">
    <subfield code="a">SAMARTHA</subfield>
    <subfield code="9">12106</subfield>
  </datafield>
  <datafield tag="700" ind1=" " ind2=" ">
    <subfield code="a">KESARI</subfield>
    <subfield code="9">12107</subfield>
  </datafield>
  <datafield tag="942" ind1=" " ind2=" ">
    <subfield code="2">ddc</subfield>
    <subfield code="c">BK</subfield>
  </datafield>
  <datafield tag="999" ind1=" " ind2=" ">
    <subfield code="c">221019</subfield>
    <subfield code="d">221019</subfield>
  </datafield>
  <datafield tag="952" ind1=" " ind2=" ">
    <subfield code="0">0</subfield>
    <subfield code="1">0</subfield>
    <subfield code="2">ddc</subfield>
    <subfield code="4">0</subfield>
    <subfield code="7">0</subfield>
    <subfield code="8">COM</subfield>
    <subfield code="a">AL</subfield>
    <subfield code="b">AL</subfield>
    <subfield code="d">2021-12-30</subfield>
    <subfield code="e">Biblios Book Point</subfield>
    <subfield code="g">96.00</subfield>
    <subfield code="l">6</subfield>
    <subfield code="o">658 RAMM</subfield>
    <subfield code="p">075251</subfield>
    <subfield code="r">2025-11-10 15:49:35</subfield>
    <subfield code="s">2025-06-13</subfield>
    <subfield code="v">120.00</subfield>
    <subfield code="w">2021-12-30</subfield>
    <subfield code="y">BK</subfield>
  </datafield>
  <datafield tag="952" ind1=" " ind2=" ">
    <subfield code="0">0</subfield>
    <subfield code="1">0</subfield>
    <subfield code="2">ddc</subfield>
    <subfield code="4">0</subfield>
    <subfield code="7">0</subfield>
    <subfield code="8">COM</subfield>
    <subfield code="a">AL</subfield>
    <subfield code="b">AL</subfield>
    <subfield code="d">2021-12-30</subfield>
    <subfield code="e">Biblios Book Point</subfield>
    <subfield code="g">96.00</subfield>
    <subfield code="l">2</subfield>
    <subfield code="o">658 RAMM</subfield>
    <subfield code="p">075252</subfield>
    <subfield code="r">2023-12-08 00:00:00</subfield>
    <subfield code="s">2023-12-04</subfield>
    <subfield code="v">120.00</subfield>
    <subfield code="w">2021-12-30</subfield>
    <subfield code="y">BK</subfield>
  </datafield>
  <datafield tag="952" ind1=" " ind2=" ">
    <subfield code="0">0</subfield>
    <subfield code="1">0</subfield>
    <subfield code="2">ddc</subfield>
    <subfield code="4">0</subfield>
    <subfield code="7">0</subfield>
    <subfield code="8">COM</subfield>
    <subfield code="a">AL</subfield>
    <subfield code="b">AL</subfield>
    <subfield code="d">2021-12-30</subfield>
    <subfield code="e">Biblios Book Point</subfield>
    <subfield code="g">96.00</subfield>
    <subfield code="l">2</subfield>
    <subfield code="o">658 RAMM</subfield>
    <subfield code="p">075253</subfield>
    <subfield code="r">2022-12-22 00:00:00</subfield>
    <subfield code="s">2022-11-30</subfield>
    <subfield code="v">120.00</subfield>
    <subfield code="w">2021-12-30</subfield>
    <subfield code="y">BK</subfield>
  </datafield>
  <datafield tag="952" ind1=" " ind2=" ">
    <subfield code="0">0</subfield>
    <subfield code="1">0</subfield>
    <subfield code="2">ddc</subfield>
    <subfield code="4">0</subfield>
    <subfield code="7">0</subfield>
    <subfield code="8">COM</subfield>
    <subfield code="a">AL</subfield>
    <subfield code="b">AL</subfield>
    <subfield code="d">2021-12-30</subfield>
    <subfield code="e">Biblios Book Point</subfield>
    <subfield code="g">96.00</subfield>
    <subfield code="l">2</subfield>
    <subfield code="o">658 RAMM</subfield>
    <subfield code="p">075254</subfield>
    <subfield code="r">2023-01-09 00:00:00</subfield>
    <subfield code="s">2022-11-30</subfield>
    <subfield code="v">120.00</subfield>
    <subfield code="w">2021-12-30</subfield>
    <subfield code="y">BK</subfield>
  </datafield>
  <datafield tag="952" ind1=" " ind2=" ">
    <subfield code="0">0</subfield>
    <subfield code="1">0</subfield>
    <subfield code="2">ddc</subfield>
    <subfield code="4">0</subfield>
    <subfield code="7">0</subfield>
    <subfield code="8">COM</subfield>
    <subfield code="a">AL</subfield>
    <subfield code="b">AL</subfield>
    <subfield code="d">2021-12-30</subfield>
    <subfield code="e">Biblios Book Point</subfield>
    <subfield code="g">96.00</subfield>
    <subfield code="l">3</subfield>
    <subfield code="o">658 RAMM</subfield>
    <subfield code="p">075255</subfield>
    <subfield code="r">2025-07-14 15:01:51</subfield>
    <subfield code="s">2025-07-03</subfield>
    <subfield code="v">120.00</subfield>
    <subfield code="w">2021-12-30</subfield>
    <subfield code="y">BK</subfield>
  </datafield>
  <datafield tag="952" ind1=" " ind2=" ">
    <subfield code="0">0</subfield>
    <subfield code="1">0</subfield>
    <subfield code="2">ddc</subfield>
    <subfield code="4">0</subfield>
    <subfield code="7">0</subfield>
    <subfield code="8">COM</subfield>
    <subfield code="a">AL</subfield>
    <subfield code="b">AL</subfield>
    <subfield code="d">2022-01-14</subfield>
    <subfield code="g">120.00</subfield>
    <subfield code="l">1</subfield>
    <subfield code="o">658 RAMM</subfield>
    <subfield code="p">D04786</subfield>
    <subfield code="r">2022-02-21 00:00:00</subfield>
    <subfield code="s">2022-02-07</subfield>
    <subfield code="v">120.00</subfield>
    <subfield code="w">2022-01-14</subfield>
    <subfield code="y">DB</subfield>
    <subfield code="z">Donated by Chethana Book House </subfield>
  </datafield>
</record>
